| 000 | 00400nam a22001697a 4500 | ||
|---|---|---|---|
| 003 | macl | ||
| 005 | 20151226151406.0 | ||
| 008 | 151226b xxu||||| |||| 00| 0 eng d | ||
| 040 | _cmacl | ||
| 041 | _aEnglish | ||
| 082 | _a920/AKH | ||
| 100 |
_aAkhtar Saud _917133 |
||
| 245 | _aGreat Women Of India | ||
| 260 |
_aNew Delhi _bRishabh Books _c2012 |
||
| 650 |
_aBiography _922911 |
||
| 942 |
_2ddc _cBK |
||
| 999 |
_c51966 _d51966 |
||